Note-worthy Words Quiz Stats

 Plays Quiz Updated Mar 11, 2013

Also try: Do-Re-Mi
Challenge
Share
Tweet
Embed
Score 0/40 Timer 06:00
0 Plays Today
% Correct
minute
96%
Downey
95.7%
remote
94.6%
doodle
92.9%
reward
91.5%
tissue
91.3%
falcon
88.7%
laptop
84.6%
tinsel
84.3%
double
83.4%
dollop
81.8%
lawyer
81.1%
Donner
80.4%
Revere
80.1%
mitten
76.9%
lather
76.6%
minnow
75%
ticket
71.5%
factor
65.1%
fabric
64.2%
% Correct
tirade
63%
solder
61.3%
remedy
60.4%
solver
55.8%
mimosa
53.9%
solemn
53%
faulty
52.6%
docile
52.4%
Renoir
51%
ladder
49.5%
Labour
49.4%
solace
48.2%
misery
47.4%
fathom
47%
domain
43.6%
solute
42.1%
domino
41%
dorsal
31.4%
Titian
23%
doofus
19%

You're not logged in!

Compare scores with friends on all Sporcle quizzes.
Join for Free
OR
Log In

You Might Also Like...

Show Comments

Extras

Top Quizzes Today


Score Distribution

Your Account Isn't Verified!

In order to create a playlist on Sporcle, you need to verify the email address you used during registration. Go to your Sporcle Settings to finish the process.

Report this User

Report this user for behavior that violates our Community Guidelines.

Details: